Využitie kardinálnych a ordinálnych informácií v zložitých rozhodovacích procesoch.
Formalizácia rozhodovacích procesov a využitie výpočtovej techniky. Hodnotiace kritériá, ich klasifikácia a stanovenie preferencie. Príklady vyhodnotenia odrôd pšenice a výrobných štruktúr poľnohospodárskeho podniku. Účelová a racionálna aplikácia metodológie viackriteriálneho vyhodnocovania variant...
Salvato in:
| Autore principale: | |
|---|---|
| Altri autori: | |
| Natura: | Capitolo di libro |
| Lingua: | slovacco |
| Soggetti: | |
| Tags: |
Nessun Tag, puoi essere il primo ad aggiungerne!!
|
MARC
| LEADER | 00000naa a2200000 4500 | ||
|---|---|---|---|
| 001 | r011217 | ||
| 005 | 20220831091150.1 | ||
| 041 | 0 | |a slo | |
| 044 | |a [CS] | ||
| 245 | 1 | 0 | |a Využitie kardinálnych a ordinálnych informácií v zložitých rozhodovacích procesoch. |c Jozef Pitel, Magdaléna Šimková |
| 520 | |a Formalizácia rozhodovacích procesov a využitie výpočtovej techniky. Hodnotiace kritériá, ich klasifikácia a stanovenie preferencie. Príklady vyhodnotenia odrôd pšenice a výrobných štruktúr poľnohospodárskeho podniku. Účelová a racionálna aplikácia metodológie viackriteriálneho vyhodnocovania variant. Postupy umožňujúce využitie kardinálnych a ordinálnych vstupných informácií. | ||
| 610 | 2 | 0 | |a rozhodovanie podnikové |
| 610 | 2 | 0 | |a využitie počítačov |
| 610 | 2 | 0 | |a informácie vnútropodnikové |
| 610 | 2 | 0 | |a podnik poľnohospodársky |
| 610 | 2 | 0 | |a štruktúra výroby |
| 100 | 1 | |a Pitel, Jozef | |
| 700 | 1 | |a Šimková, Magdaléna | |